| 000 | 00420nab a2200145Ia 4500 | ||
|---|---|---|---|
| 003 | ES-SlBCS | ||
| 005 | 20210601124320.0 | ||
| 008 | 140529s1989 xxu||||| |||| 00| 0 eng d | ||
| 041 | _aeng | ||
| 100 | 1 |
_aKlein, J. Theodore _9139297 |
|
| 245 | 0 | 0 |
_aTeaching and Mother Love _c J. Theodore Klein |
| 650 | 0 | 4 |
_aEnseñanza _990452 |
| 773 | 0 |
_tEducational Theory _gvol. 39, nº. 4, 1989, págs. 373-384 _wRev1399 |
|
| 942 | _cAR | ||
| 999 |
_c512808 _d512808 |
||